MARC details
| 000 -LEADER |
| fixed length control field |
04745cam a22004098i 4500 |
| 001 - CONTROL NUMBER |
| control field |
21740978 |
| 003 - CONTROL NUMBER IDENTIFIER |
| control field |
CSPC |
| 005 - DATE AND TIME OF LATEST TRANSACTION |
| control field |
20250904152618.0 |
| 008 - FIXED-LENGTH DATA ELEMENTS--GENERAL INFORMATION |
| fixed length control field |
201001s2021 flu b 001 0 eng |
| 010 ## - LIBRARY OF CONGRESS CONTROL NUMBER |
| LC control number |
2020043688 |
| 020 ## - INTERNATIONAL STANDARD BOOK NUMBER |
| International Standard Book Number |
9780367503277 |
| Qualifying information |
(hardback) |
| 035 ## - SYSTEM CONTROL NUMBER |
| System control number |
21740978 |
| 040 ## - CATALOGING SOURCE |
| Original cataloging agency |
DLC |
| Language of cataloging |
eng |
| Description conventions |
rda |
| Transcribing agency |
DLC |
| Modifying agency |
CSPC |
| 042 ## - AUTHENTICATION CODE |
| Authentication code |
pcc |
| 050 00 - LIBRARY OF CONGRESS CALL NUMBER |
| Classification number |
HD62.15 |
| Item number |
.M3744 2021 |
| 082 00 - DEWEY DECIMAL CLASSIFICATION NUMBER |
| Classification number |
658.4013 |
| Item number |
M363l |
| Edition number |
23 |
| 100 1# - MAIN ENTRY--PERSONAL NAME |
| Personal name |
Martin, James W. |
| Fuller form of name |
(James William), |
| Dates associated with a name |
1952- |
| Relator term |
author. |
| 245 10 - TITLE STATEMENT |
| Title |
Lean six sigma for the office : |
| Remainder of title |
integrating customer experience for enhanced productivity / |
| Statement of responsibility, etc. |
James William Martin. |
| 250 ## - EDITION STATEMENT |
| Edition statement |
2nd edition. |
| 263 ## - PROJECTED PUBLICATION DATE |
| Projected publication date |
2103 |
| 264 #1 - PRODUCTION, PUBLICATION, DISTRIBUTION, MANUFACTURE, AND COPYRIGHT NOTICE |
| Place of production, publication, distribution, manufacture |
Boca Raton, Florida ; |
| -- |
Abingdon, Oxon : |
| Name of producer, publisher, distributor, manufacturer |
Routledge, |
| Date of production, publication, distribution, manufacture, or copyright notice |
2021. |
| 300 ## - PHYSICAL DESCRIPTION |
| Extent |
xxviii, 344 pages ; |
| Dimensions |
24 cm. |
| 336 ## - CONTENT TYPE |
| Content type term |
text |
| Content type code |
txt |
| Source |
rdacontent |
| 337 ## - MEDIA TYPE |
| Media type term |
unmediated |
| Media type code |
n |
| Source |
rdamedia |
| 338 ## - CARRIER TYPE |
| Carrier type term |
volume |
| Carrier type code |
nc |
| Source |
rdacarrier |
| 504 ## - BIBLIOGRAPHY, ETC. NOTE |
| Bibliography, etc. note |
Includes bibliographical references and index. |
| 505 0# - FORMATTED CONTENTS NOTE |
| Formatted contents note |
Sept 1. Align improvement opportunities -- Strategy alignment -- Project identification -- Lean six sigma basics -- Step 2. Plan and conduct the rapid improvement event -- Rapid improvement events -- Data collection and analysis -- Process improvement -- Step 3. Implementing solutions -- Building a case for change -- Implementing solutions -- Organizational change. |
| 520 ## - SUMMARY, ETC. |
| Summary, etc. |
"Historically, the integration of manufacturing methodologies into the office environment has proven to be problematic. Part of the difficulty lies in the fact that process workflows tend to be globally dispersed and thus rely heavily on information technology. But in complex service systems that contain a mix of employees, consultants, and technology, standardized protocols have been shown to reduce cycle time and transactional cost as well as improve quality. The successful application of Lean methodologies to improve process workflows is an efficient way to simplify operations and prevent mistakes. In Lean Six Sigma for the Office , Six Sigma guru James Martin presents proven modifications that can be deployed in offices, particularly those offices involved with global operations. Making use of Kaizen and Six Sigma concepts, along with Lean manufacturing principles, this book instructs managers on how they can improve operational efficiency and increase customer satisfaction. The author brings experience gleaned from his application of these methodologies in a myriad of industries to create a practical and hands-on reference for the office environment. Using a detailed sequence of activities, including over 140 figures and tables as well as checklists and evaluation tools, he demonstrates how to realize the rapid improvement of office operations, and how to eliminate unnecessary tasks through value stream mapping (VSM). The book also emphasizes the importance of strategic alignment of Kaizen events and the impact of organizational culture on process improvement activities. Latter chapters in the book discuss key elements of a change model in the context of transitional improvements as they relate to the process owner and local work team. By applying the proven principles found in this book, effective and sustainable organizational change can be accomplished, efficiency can be improved, and mistakes can be eliminated. This 2nd edition provides insight into the new tools and methods Lean Six Sigma process improvement professionals need to improve customer experience and increase productivity within high transaction processes across complex information technology ecosystems. It is one-stop self-contained reference for the application of Lean Six Sigma methods enhanced by powerful approaches for process improvement in highly complex service processes. Several new leading-edge topics are integrated into this new edition, such as: The "voice of" customers, suppliers, employees and partners Design Thinking Alignment Ecosystems in Information Technology Metadata Definition and Lineage Information Quality Governance Big Data Collection and Analytics Mapping High Volume Transactions through Systems Robotic Process Automation Applications Automating for Solution Sustainability Governing Organizations Data Privacy (General Data Protection Regulation)"-- |
| Assigning source |
Provided by publisher. |
| 650 #0 - SUBJECT ADDED ENTRY--TOPICAL TERM |
| Topical term or geographic name entry element |
Total quality management. |
| 650 #0 - SUBJECT ADDED ENTRY--TOPICAL TERM |
| Topical term or geographic name entry element |
Six sigma (Quality control standard). |
| 650 #0 - SUBJECT ADDED ENTRY--TOPICAL TERM |
| Topical term or geographic name entry element |
Office management. |
| 650 #0 - SUBJECT ADDED ENTRY--TOPICAL TERM |
| Topical term or geographic name entry element |
Service industries |
| General subdivision |
Quality control. |
| 906 ## - LOCAL DATA ELEMENT F, LDF (RLIN) |
| a |
7 |
| b |
cbc |
| c |
orignew |
| d |
1 |
| e |
ecip |
| f |
20 |
| g |
y-gencatlg |
| 942 ## - ADDED ENTRY ELEMENTS (KOHA) |
| Source of classification or shelving scheme |
Dewey Decimal Classification |
| Koha item type |
Books |
| Edition |
23 |
| Classification part |
658.4013 |
| Item part |
M363l |
| Call number prefix |
GRD |
| Call number suffix |
2021 |
| Suppress in OPAC |
No |